<?xml version="1.0" encoding="UTF-8"?>
<record
    xmlns:xsi="http://www.w3.org/2001/XMLSchema-instance"
    xsi:schemaLocation="http://www.loc.gov/MARC21/slim http://www.loc.gov/standards/marcxml/schema/MARC21slim.xsd"
    xmlns="http://www.loc.gov/MARC21/slim">

  <leader>00633nam a22002057a 4500</leader>
  <controlfield tag="003">OSt</controlfield>
  <controlfield tag="005">20190620140717.0</controlfield>
  <controlfield tag="008">130906t        xxu||||| |||| 00| 0 eng d</controlfield>
  <datafield tag="020" ind1=" " ind2=" ">
    <subfield code="a">0696023091</subfield>
  </datafield>
  <datafield tag="050" ind1=" " ind2=" ">
    <subfield code="a"> TT 835 </subfield>
    <subfield code="b"> .R44 1984</subfield>
  </datafield>
  <datafield tag="082" ind1=" " ind2=" ">
    <subfield code="a">HS 699 </subfield>
    <subfield code="b">Scr1 1984</subfield>
  </datafield>
  <datafield tag="100" ind1=" " ind2=" ">
    <subfield code="a">Reames, Nancy.</subfield>
    <subfield code="9">16805</subfield>
  </datafield>
  <datafield tag="245" ind1=" " ind2=" ">
    <subfield code="a">Scrap crafts : </subfield>
    <subfield code="b">from Mccall's needleworks &amp; crafts</subfield>
    <subfield code="c">Reames, Nancy.</subfield>
  </datafield>
  <datafield tag="260" ind1=" " ind2=" ">
    <subfield code="a">New York : S</subfield>
    <subfield code="b">edgewood Press, </subfield>
    <subfield code="c">1984. </subfield>
  </datafield>
  <datafield tag="300" ind1=" " ind2=" ">
    <subfield code="a">112 p.,</subfield>
    <subfield code="b"> ill.(same col). </subfield>
    <subfield code="c">29 cm.  </subfield>
  </datafield>
  <datafield tag="651" ind1=" " ind2=" ">
    <subfield code="a"> Textile crafts  </subfield>
    <subfield code="9">16806</subfield>
  </datafield>
  <datafield tag="651" ind1=" " ind2=" ">
    <subfield code="a"> Sewing  3. McCall's needlework &amp; crafts </subfield>
    <subfield code="9">16807</subfield>
  </datafield>
  <datafield tag="942" ind1=" " ind2=" ">
    <subfield code="2">lcc</subfield>
    <subfield code="c">BK</subfield>
  </datafield>
  <datafield tag="999" ind1=" " ind2=" ">
    <subfield code="c">10488</subfield>
    <subfield code="d">10488</subfield>
  </datafield>
  <datafield tag="952" ind1=" " ind2=" ">
    <subfield code="0">0</subfield>
    <subfield code="1">0</subfield>
    <subfield code="2">lcc</subfield>
    <subfield code="4">0</subfield>
    <subfield code="a">LUX</subfield>
    <subfield code="b">LUX</subfield>
    <subfield code="c">HS</subfield>
    <subfield code="d">2013-09-06</subfield>
    <subfield code="l">0</subfield>
    <subfield code="o">TT 835   .R44 1984</subfield>
    <subfield code="p">9258</subfield>
    <subfield code="r">2013-09-06 00:00:00</subfield>
    <subfield code="t">1</subfield>
    <subfield code="w">2013-09-06</subfield>
    <subfield code="y">BK</subfield>
  </datafield>
</record>
